|
|
|
|
| LEADER |
00815nam a2200229 a 4500 |
| 001 |
GR-Patra8243 |
| 008 |
991022s1970 enk 000 b eng d |
| 040 |
|
|
|a GrPaTEI
|b gre
|c GR-PaULI
|
| 245 |
0 |
0 |
|a The bard of loree.
|
| 260 |
|
|
|a London :
|b Mashtots Press,
|c 1970
|
| 300 |
|
|
|a 119σ.
|
| 650 |
|
0 |
|a ARMENIAN POETRY
|
| 650 |
|
4 |
|a ΑΡΜΕΝΙΚΗ ΠΟΙΗΣΗ
|
| 650 |
|
4 |
|a ΑΡΜΕΝΙΚΗ ΠΟΙΗΣΗ
|
| 650 |
|
4 |
|a ΞΕΝΗ ΛΟΓΟΤΕΧΝΙΑ
|
| 700 |
1 |
|
|a Kudian, Mischa
|
| 700 |
1 |
|
|a Toumanian, Hovannes
|
| 710 |
0 |
|
|a Mashtots Press
|
| 942 |
|
|
|2 ddc
|
| 952 |
|
|
|0 0
|1 0
|2 ddc
|4 0
|6 891_992000000000000_TOU
|7 0
|9 289341
|a LISK
|b LISK
|c BSC
|d 2021-01-17
|e 24
|f 0
|g 0.00
|l 0
|o 891.992 TOU
|p 9241006719
|r 2021-01-17 00:00:00
|t 1
|w 2021-01-17
|y BK15
|x 19991024 0 1
|x GrPaTEI
|
| 971 |
|
|
|a .b26557587
|b 15-04-20
|c 23-09-16
|
| 999 |
|
|
|c 168854
|d 168854
|